000
00295nam a22001337a 4500
008
181207b xxu||||| |||| 00| 0 eng d
020
_a
0716710455
041
_a
eng
080
_a
510
100
_a
36
101
_a
MAT
245
_a
Computers and Intractability
_c
Garey, M.R
942
_2
udc
_c
BK
999
_c
53027
_d
53027